Financovanie vedy a výskumu v SR - aktuálne problémy a perspektívy smerovania diplomová práca

Uložené v:
Podrobná bibliografia
Hlavný autor: Mišovičová, Natália
Korporativný autor: Národohospodárska fakulta EU. Katedra financií
Ďalší autori: Beličková, Kornélia, 1966-
Médium: Kniha
Jazyk:Slovak
Vydavateľské údaje: Bratislava 2019
Tagy: Pridať tag
Žiadne tagy, Buďte prvý, kto otaguje tento záznam!

MARC

LEADER 00000nbm a2200000 4500
001 0254941
005 20190724132150.9
041 0 |a slo 
044 |a SK 
245 1 0 |a Financovanie vedy a výskumu v SR - aktuálne problémy a perspektívy smerovania  |b diplomová práca  |c Natália Mišovičová ; školiteľ: Kornélia Beličková 
264 1 |a Bratislava  |c 2019 
300 |a 65 s. 
100 1 |a Mišovičová, Natália 
700 1 |a Beličková, Kornélia, 1966- 
710 2 |a Národohospodárska fakulta EU. Katedra financií